| 000 | 00972nac a22002657a 4500 | ||
|---|---|---|---|
| 001 | BR8103644 | ||
| 003 | BR-BrBNA | ||
| 005 | 20240105115011.0 | ||
| 008 | 230509b bl.|||m| |||| 00| 0 por d | ||
| 040 |
_aBR-BrBNA _bpor _cBiblioteca Nacional de Agricultura |
||
| 072 | _aF00 | ||
| 090 | _a0230 BR8103644 | ||
| 110 | 1 |
_aCooperativa Agropecuaria Mista do Oeste Ltda., Toledo, PR (Brasil) _92798 |
|
| 245 | 1 | _aCana de acucar, sorgo sacarino: do plantio a colheita. Safra 81/82 [Saccharum officinarum; Sorgo acucareiro; Sorgum vulgare saccharatum; Pratica cultural: Destilacao] | |
| 260 | 3 |
_aToledo, PR (Brasil): _c1981. |
|
| 300 | _a2 p. | ||
| 490 |
_aBoletim Tecnico - Cooperativa Agropecuaria Mista do Oeste Ltda. (Brazil) _vno. 5 _x |
||
| 650 | _aProducao vegetal | ||
| 650 | _aCana de acucar | ||
| 650 | _aSorgo acucareiro | ||
| 650 | _aPratica cultural | ||
| 650 | _aDestilacao | ||
| 909 |
_a202312 _bLúcia Elande _c55 _dLúcia Elande |
||
| 942 |
_2AGRIS _n0 _cMS |
||
| 999 |
_c272483 _d272483 |
||